=LDR 00000nam 2200000 4500 =001 000379 =005 20250710030844 =035 ##$$a 0010-0725000239 =007 ta =008 250710################a##########0#ind## =020 ##$$a 978-623-307-147-5 =082 ##$$a 398.209 598 =084 ##$$a 398.209 598 KUS s =100 #$$a Dian Sukma Kuswardhani =245 1#$$a Sekantong Jeruk /$c Dian Sukma Kuswardhani =250 ##$$a Cetakan Pertama =260 ##$$a Rawamangun :$b Badan Pengembangan dan Pembinaan Bahasa,$c 2021 =300 ##$$a 24 hlm. : $b Ilus. ; $c 29,7 cm. =650 #4$$a Cerita Anak - Indonesia =650 #4$$a Literasi - Bahan bacaan =856 ##$$a TBM AS SUHADA =990 ##$$a TBM01000100